|
|
|
|
| LEADER |
01241nam a2200241 a 4500 |
| 008 |
091020s1998 ii 001 0 eng d |
| 020 |
|
|
|a 8170126320
|
| 020 |
|
|
|a 8170126312
|
| 040 |
|
|
|a GUL
|c GUL
|d LUM
|
| 082 |
0 |
0 |
|a 340/.115/070954
|2 21
|
| 245 |
0 |
2 |
|a A Handbook on clinical legal education /
|c edited by N.R. Madhava Menon.
|
| 246 |
3 |
0 |
|a Clinical legal education
|
| 260 |
|
|
|a Lucknow :
|b Eastern Book Co.,
|c 1998.
|
| 300 |
|
|
|a xxiii, 312 p. :
|b forms ;
|c 25 cm.
|
| 504 |
|
|
|a Includes bibliographical references (p.293-296) and index.
|
| 541 |
1 |
|
|e 00012541
|
| 650 |
|
0 |
|a Law
|x Study and teaching (Clinical education)
|z India.
|
| 700 |
1 |
|
|a Madhava Menon, N. R.,
|d 1935-
|
| 852 |
4 |
|
|a Ayesha Abed Library
|j General Shelf.
|
| 999 |
|
|
|c 4748
|d 4748
|
| 952 |
|
|
|0 0
|1 0
|2 ddc
|4 0
|6 340_115070954000000_HAN
|7 0
|9 4555
|a BRACUL
|b BRACUL
|c GEN
|d 2009-10-21
|g 428.00
|l 0
|o 340.115070954 HAN
|p 3010012541
|r 2009-10-21
|t 1
|w 2009-10-21
|y BK
|
| 952 |
|
|
|0 0
|1 0
|2 ddc
|4 0
|6 340_115070954000000_HAN
|7 0
|9 13415
|a BRACUL
|b BRACUL
|c GEN
|d 2010-12-05
|l 1
|m 3
|o 340.115070954 HAN
|p 3010021495
|r 2019-01-20
|s 2018-12-26
|t 2
|w 2010-12-05
|y BK
|
| 952 |
|
|
|0 0
|1 0
|2 ddc
|4 0
|6 340_115070954000000_HAN
|7 0
|9 13416
|a BRACUL
|b BRACUL
|c GEN
|d 2010-12-05
|l 0
|o 340.115070954 HAN
|p 3010021496
|r 2010-12-05
|t 3
|w 2010-12-05
|y BK
|